Normal view
MARC view
- Mechanical engineering
Entry Topical Term
001 - CONTROL NUMBER
- control field: 1379
003 - CONTROL NUMBER IDENTIFIER
- control field: NUST
005 - DATE AND TIME OF LATEST TRANSACTION
- control field: 20170523153004.0
008 - FIXED-LENGTH DATA ELEMENTS
- fixed length control field: 170523|| aca||aabn | a|a d
040 ## - CATALOGING SOURCE
- Original cataloging agency: NUST
- Transcribing agency: NUST
150 ## - HEADING--TOPICAL TERM
- Topical term or geographic name entry element: Mechanical engineering
670 ## - SOURCE DATA FOUND
- Source citation: Work cat.: (NUST)24798: Beer Ferdinand .P 1378, Vector Mechanics for Engineers Dynamics, c2007
